000 01796nam a2200301 a 4500
001 000020814
003 DO-SdBNP
005 20210817095723.0
007 000020814
008 100818s2008 dr ab 000 0 spa d
020 _a9789945859560
040 _aBPMSU
_bspa
_cBPMSU
092 _a303.44
_bP964i, 2008
110 2 _aPrograma de las Naciones Unidas para el Desarrollo.
245 1 0 _aInforme sobre desarrollo humano República Dominicana 2008 :
_bdesarrollo humano, una cuestión de poder /
_cprólogo Miguel Ceara-Hatton.
246 _aDesarrollo humano, una cuestión de poder
260 _aSanto Domingo :
_bPNUD,
_c2008.
300 _axxxvi, 519 p. :
_bil., mapas, ;
_c29 cm.
505 _tPresentación --
_tPrólogo --
_tSecretaría de Estado de Economía, Planificación y Desarrollo : algunas consideraciones sobre el INDH 2008 --
_tPerspectiva general : desarrollo humano, una cuestión de poder --
_t Desarrollo humano y poder en el territorio --
_tEl empoderamiento social : poder que se construya y se conquista --
_tLa descentralización : poder que se redistribuye --
_tCapacidades esenciales para el empoderamiento : educación, salud, protección y asistencia social --
_t -- La economía : una dinámica que fragmenta el territorio --
_tSostenibilidad ambiental y desarrollo humano --
_tElementos para una estrategia de empoderamiento, descentralización e intervención en el territorio.
590 _6Inventariado, 2021/VM
650 4 _aDesarrollo humano
650 4 _aDesarrollo económico
_xAspectos sociales
651 4 _aRepública Dominicana
_xCondiciones sociales
651 4 _aRepública Dominicana
_xCondiciones económicas
700 1 _aCeara-Hatton, Miguel
_epról.
910 _aVMateo V. /Validado. Control de calidad BNPHU
942 _2ddc
_cBK
999 _c8047
_d8047